| 000 | 00591nam a22001937a 4500 | ||
|---|---|---|---|
| 003 | DO-SdBNP | ||
| 005 | 20210830105035.0 | ||
| 008 | 210830b 2018 dr 00| 0 eng d | ||
| 020 | _a9781641310895 | ||
| 040 |
_aDO-SdBNP _bspa _cBNPHU |
||
| 100 | 1 |
_aRamírez Arellano, Gloria de, _d1941- _979624 |
|
| 245 | 1 |
_aVerde ue te quiero ver... / _cGloria Ramírez de Arellano |
|
| 260 |
_aSanto Domingo : _bLúdika ; _c2018. |
||
| 300 |
_a157 p. ; _c21 cm. |
||
| 500 | _aIncluye datos biográficos del autora en las solapas | ||
| 590 | _aInventariado, 2021/BT | ||
| 910 | _aBtavárez | ||
| 942 |
_2ddc _cLBS1 |
||
| 999 |
_c50320 _d50320 |
||